| 000 | 01222nam a2200169 a 4500 | ||
|---|---|---|---|
| 090 |
_aIAVH _b00765 CD-1 |
||
| 041 | _aspa | ||
| 100 |
_aBustamante Zamudio, Clarita _93047 |
||
| 245 | _aPasos a seguir para el ejercicio metodológico en el diagnóstico de agroecosistemas como base para el estudio de la biodiversidad | ||
| 260 |
_aBogotá _bInstituto Alexander von Humboldt _c2004 |
||
| 300 | _a118 p. | ||
| 520 | _aEl diagnóstico de agroecosistemas se constituye en un espacio para la confluencia tanto de diferentes disciplinas académicas que contribuyen a hacer operativo el enfoque en sistemas de aplicacion práctica como en los resultados obtenidos en el Proyecto Biodiversidad y Desarrollo en Ecorregiones Estratégicas de Colombia, Orinoquía, en los temas de acción, manejo de ecosistemas, política intersectorial, inventarios de biodiversidad y conocimiento tradicional. Se hacen algunas sugerencias en aspectos relevantes del componente de Agroecosistemas en el Proyecto mencionado. | ||
| 650 |
_aBiodiversidad _992204 |
||
| 650 |
_aConservación _992401 |
||
| 662 |
_aColombia _cOrinoquia |
||
| 773 | 0 |
_05986 _99704 _a _b _dBogotá Informatica documental 2007 _o024802 _tInformes de investigaciones IAVH en PDF _w _x _z |
|
| 999 |
_c6053 _d6053 |
||